=LDR 00000nam 2200000 4500 =001 INLIS000000000026693 =005 20130612125123 =008 ***********************************ind** =035 ##$$0010-061300000026693 =041 ##$$a ind =082 ##$$a 658.406 =090 ##$$a 658.406, HAM m =100 ##$$a Al-Hamadi, Ali =245 ##$$a Manajemen perubahan, Ali Al-Hamadi; Alih bahasa, N. Burhanudin =260 ##$$a 2006 $b Bandung =300 ##$$a xv, 68 hlm., ilus., 23 cm =650 ##$$a Manajemen Perubahan =700 ##$$a Burhanudin, N =850 ##$$a NBPNMAT